Handbuch der Semiotik

Αποθηκεύτηκε σε:
Λεπτομέρειες βιβλιογραφικής εγγραφής
Κύριος συγγραφέας: Noth, Winfried
Μορφή: Βιβλίο
Γλώσσα:German
Δημοσίευση: Stuttgard : J.B. Metzler, 2000.
Έκδοση:2., vollstandig neu bearbeitete und erweiterte Auf.
Θέματα:
Ετικέτες: Προσθήκη ετικέτας
Δεν υπάρχουν, Καταχωρήστε ετικέτα πρώτοι!

MARC

LEADER 00000cam a2200000 i 4500
001 1/20961
008 010903s2000 gw | ||| |||| ||ger||
020 |a 3476012263 
035 |l 10067217 
040 |a GR-MyUA  |b gre  |e AACR2 
041 0 |a ger 
082 0 |a 302.2 
100 1 |a Noth, Winfried. 
245 1 0 |a Handbuch der Semiotik /   |c Winfried Noth.  
250 |a 2., vollstandig neu bearbeitete und erweiterte Auf. 
260 |a Stuttgard :   |b J.B. Metzler,   |c 2000.  
300 |a 667 σ.  
650 0 0 |a Semiotics  |x Handbooks, manuals, etc. 
650 0 0 |a Communication  |x Handbooks, manuals, etc. 
767 0 8 |i Μεταφρασμένο ως:   |t Handbook of semiotics /  
852 |a INST  |b RHODES  |e 20010903  |h 302.2 NOT  |p 005400016878  |q 005400016878  |t REF  |y 23 
901 |a BIBL4-2001-3 
909 |a Ρ  |b 085084 
970 |a ΚΟΥΛΑΚΙΟΤΗ  |b ΛΙΤΣΑ  |z 2001/09/03